00496nam a2200181Ia 4500003000400000005001700004008004100021020002200062040000700084041000800091082002300099100004200122245006400164260003500228300001600263365001300279650002200292OSt20230503102702.0210423s2020 xx 000 0 und d a978-9-402-41962-7 cAL aeng a547.028 223bSHAP aSHARP (J T); GOSNEY (I); ROWLEY (A G) aPractical organic chemistry: student handbook of techniques aNew YorkbChapman & Hallc2020 avii,199bPB b995cINR aOrganic Chemistry